| Tag |
First Indicator |
Second Indicator |
Subfields |
| LEADER |
00000nam a2200000 4500 |
| 001 |
in00004223003 |
| 005 |
20200806100539.0 |
| 006 |
m g d |
| 007 |
cr bn |||a|bb| |
| 008 |
910809s1613 enk o 00| | eng d |
| 035 |
|
|
|a (UnM)99844043
|
| 037 |
|
|
|a CL0036000022
|b ProQuest. 789 E. Eisenhower Parkway, Ann Arbor, MI 48108-3218
|
| 040 |
|
|
|a Cu-RivES
|c Cu-RivES
|d CStRLIN
|e dcrb
|d WaOLN
|
| 100 |
1 |
|
|a Lawne, Christopher.
|
| 245 |
0 |
0 |
|a Brovvnisme turned the in-side out-ward :
|b Being a paralell betweene the profession and practise of the Brownists religion. By Christopher Lavvne, lately returned from that wicked separation.
|
| 246 |
2 |
|
|a Brownisme turned the in-side out-ward
|
| 246 |
2 |
|
|a Paralell betweene the profession and practise of the Brownists.
|
| 246 |
2 |
|
|a Brownisme turned the in-side out-ward.
|
| 260 |
|
|
|a London :
|b Printed [by Nicholas Okes] for Walter Burre, and are to bee sold at his shop in Pauls Church-yard at the signe of the Crane,
|c 1613.
|
| 300 |
|
|
|a 1 online resource ([38] pages)
|
| 336 |
|
|
|a text
|b txt
|2 rdacontent
|
| 337 |
|
|
|a computer
|b c
|2 rdamedia
|
| 338 |
|
|
|a online resource
|b cr
|2 rdacarrier
|
| 500 |
|
|
|a Printer's name from STC.
|
| 500 |
|
|
|a Signatures: A-E⁴ (-A1).
|
| 500 |
|
|
|a Running title reads: A paralell betweene the profession and practise of the Brownists.
|
| 500 |
|
|
|a Reproduction of the original in the British Library.
|
| 510 |
4 |
|
|a STC (2nd edition)
|c 15323.
|
| 533 |
|
|
|a Electronic reproduction.
|b Ann Arbor, Mich. :
|c UMI,
|d 1999-
|f (Early English books online)
|n Digital version of: (Early English books, 1475-1640 ; 804:13)
|7 s1999 miun s
|
| 650 |
|
0 |
|a Brownists
|v Controversial literature
|v Early works to 1800.
|
| 830 |
|
0 |
|a Early English books online.
|
| 856 |
4 |
0 |
|u http://proxy.library.tamu.edu/login?url=https://search.proquest.com/docview/2240903016
|z Connect to the full text of this electronic book
|t 0
|
| 999 |
f |
f |
|s 2141c3e7-6fd0-3376-8aab-6d9f989321a7
|i eb72a1e4-b4db-3dd0-aa6d-ccfdcde7b049
|t 0
|
| 952 |
f |
f |
|a Texas A&M University
|b College Station
|c Electronic Resources
|d Available Online
|t 0
|h No information provided
|
| 998 |
f |
f |
|t 0
|l Available Online
|